| 000 | 00564cam a22001931 4500 | ||
|---|---|---|---|
| 082 |
_a624.1821 _bPAR _cL-20, P-50 |
||
| 100 | 1 |
_aParker, Harry, _940845 |
|
| 245 | 1 | 0 | _aSimplified design of structural steel. |
| 250 | _a2d ed. | ||
| 260 |
_aNew York, _bWiley _c[c1955] |
||
| 300 |
_a244 p. _billus. _c20 cm. |
||
| 526 |
_a0 _b0 _c0 _d624_182100000000000_PAR |
||
| 526 |
_a0 _b0 _c0 _d624_182100000000000_PAR |
||
| 650 | 0 | _aBuilding, Iron and steel. | |
| 650 | 0 |
_aMCE _9379 |
|
| 650 | 0 | _aSteel, Structural. | |
| 650 | 0 |
_aStrength of materials. _9563 |
|
| 942 |
_2ddc _cBK |
||
| 999 |
_c546852 _d546852 |
||